000 00447nam a22001817a 4500
005 20260116122116.0
008 260116b |||||||| |||| 00| 0 eng d
020 _a9788123929767
_c450.00
040 _aMAIN
041 _aEnglish
082 _a515.7
_bPUN
100 _aPundir, Sudhir Kumar
_925935
245 _aFunctional analysis
260 _aNew Delhi
_bCBS Publisher
_c2024
300 _a500
650 _aMathematics
_9133
942 _cBK
999 _c59975
_d59975